000 00695cas a22002177a 4500
001 43609
003 UA-OsUOA
005 20210324163840.0
007 ta
008 200701c2b un ||||| ||n| 00| 0 ukr dukr d
040 _aUA-OsUOA
_bukr
_cUA-OsUOA
_dUA-OsUOA
041 _aukr
080 _a79
090 _a79
_bС73
110 _aОфіційний інформаційний партнер НОК України
245 _aСпортивна газета
_bвсеукраїнське видання
_cгол. ред. Мовчан Л.
260 _aК.
650 7 _a79 Видовищні мистецтва. Розваги. Ігри. Спорт
_2UDC
942 _cNP
_2udc
955 _a0
999 _c327395
_d327395